Pays qui touchent le méridien de Greenwich ou l'équateur - Statistiques

Statistiques générales
  • Ce quiz a été pris 14 029 fois
  • Le résultat moyen est 17 sur 19
Réponses sur la Carte
Les réponses sont colorées sur une échelle allant du rouge au vert en fonction du pourcentage des utilisateurs qui les ont devinées à leur premier essai. Vous pouvez retrouver ces pourcentages ci-dessous.
 
Statistiques - réponses
Pays % Correct
Brésil
99%
France
99%
Algérie
98%
Royaume-Uni
98%
Espagne
97%
Colombie
96%
Équateur
95%
Indonésie
95%
Rép. Dém. du Congo
94%
République du Congo
93%
Mali
91%
Kenya
82%
Togo
78%
Ghana
77%
Burkina Faso
76%
Somalie
75%
Gabon
74%
Ouganda
71%
Sao Tomé-et-Principe
64%
Aucun quiz correspondant
Distribution des résultats
% des personnes avec chaque résultat
Percentile par nombre de réponses
Votre historique - résultats
Vous n’avez pas pris ce quiz